[Event "Mittelrhein Regionalliga 1314"]
[Site "Mittelrhein"]
[Date "2013.11.24"]
[Round "4.5"]
[White "Schmitz, Hans Werner"]
[Black "Goy, Udo"]
[Result "1-0"]
[WhiteElo "2029"]
[BlackElo "2043"]
[PlyCount "101"]
[EventDate "2013.09.15"]
[EventType "team-tourn"]
[EventRounds "11"]
[EventCountry "GER"]
[SourceTitle "EXT 2023"]
[Source "ChessBase"]
[SourceDate "2022.10.05"]
[SourceVersion "1"]
[SourceVersionDate "2022.10.05"]
[SourceQuality "1"]
[WhiteTeam "Langenfeld II"]
[BlackTeam "Koeln Ford SF"]
[WhiteTeamCountry "GER"]
[BlackTeamCountry "GER"]

1. Nf3 Nf6 2. c4 d6 3. d4 Nbd7 4. g3 e5 5. Bg2 Be7 6. Nc3 0-0 7. 0-0 c6 8. Qc2 Re8 9. h3 Bf8 10. e4 g6 11. Be3 Qc7 12. Rfe1 Bg7 13. Rad1 Nh5 14. b4 exd4 15. Bxd4 Ne5 16. Nxe5 dxe5 17. Bc5 Be6 18. Bf1 Rad8 19. Qa4 a6 20. Qa5 Qxa5 21. bxa5 Bf8 22. Bb6 Rc8 23. Na4 c5 24. Rb1 Nf6 25. Ba7 Rc7 26. f3 Nd7 27. Red1 Ra8 28. Bb6 Nxb6 29. Nxb6 Rb8 30. Rb3 Kg7 31. h4 Be7 32. Rbd3 f6 33. Kh2 h5 34. Bh3 f5 35. Nd7 Rd8 36. Nxe5 Rxd3 37. Rxd3 Kf6 38. exf5 gxf5 39. f4 Rc8 40. Bg2 Rc7 41. Bf3 Kg7 42. Bxh5 Bf6 43. Rd6 Bxe5 44. Rxe6 Bc3 45. Bg6 Bxa5 46. Bxf5 Bc3 47. Be4 b5 48. h5 bxc4 49. h6+ Kf8 50. Rxa6 Re7 51. Bd5 1-0

[Event "NRW Class1 1213"]
[Site "Germany"]
[Date "2012.12.16"]
[Round "4.8"]
[White "Sudbrock, Ralf"]
[Black "Schmitz, Hans Werner"]
[Result "1-0"]
[WhiteElo "2021"]
[BlackElo "2040"]
[PlyCount "69"]
[EventDate "2012.09.16"]
[EventType "team-tourn"]
[EventRounds "9"]
[EventCountry "GER"]
[SourceTitle "EXT 2017"]
[Source "ChessBase"]
[SourceDate "2016.10.25"]
[SourceVersion "1"]
[SourceVersionDate "2016.10.25"]
[SourceQuality "1"]
[WhiteTeam "Bielefeld"]
[BlackTeam "Langenfeld"]
[WhiteTeamCountry "GER"]
[BlackTeamCountry "GER"]

1. e4 d6 2. d4 g6 3. Nc3 Bg7 4. Be2 a6 5. Be3 Nd7 6. Qd2 b5 7. Nh3 Bb7 8. f3 c5 9. 0-0 cxd4 10. Bxd4 Ngf6 11. a4 bxa4 12. Rxa4 0-0 13. Rfa1 Nc5 14. Ra5 Nfd7 15. Bxg7 Kxg7 16. Nf4 e5 17. Nfd5 Nb6 18. b4 Ne6 19. Bxa6 Nxd5 20. Nxd5 Bxd5 21. exd5 Nd4 22. Bd3 Rb8 23. Ra6 Qc7 24. R1a3 Rfc8 25. c3 Nb5 26. Bxb5 Rxb5 27. Rc6 Qb7 28. Rxd6 Rc4 29. h3 Qc7 30. Rda6 Qb7 31. d6 Rd5 32. Qe3 Qd7 33. R3a5 Rd1+ 34. Kh2 Rxd6 35. Qxe5+ 1-0

[Event "Mittelrhein-chT 1112"]
[Site "Germany"]
[Date "2012.05.06"]
[Round "12.3"]
[White "Schmitz, Hans Werner"]
[Black "Bien, Stefan"]
[Result "1/2-1/2"]
[WhiteElo "2090"]
[BlackElo "2092"]
[PlyCount "36"]
[EventDate "2011.09.11"]
[EventType "team-tourn"]
[EventRounds "13"]
[EventCountry "GER"]
[SourceTitle "EXT 2013"]
[Source "ChessBase"]
[SourceDate "2012.11.22"]
[SourceVersion "1"]
[SourceVersionDate "2012.11.22"]
[SourceQuality "1"]
[WhiteTeam "Langenfeld II"]
[BlackTeam "Horrem"]
[WhiteTeamCountry "GER"]
[BlackTeamCountry "GER"]

1. c4 c6 2. Nf3 Nf6 3. g3 d5 4. Bg2 e6 5. Qc2 Be7 6. 0-0 0-0 7. b3 b6 8. Bb2 Bb7 9. d4 Nbd7 10. Nbd2 Re8 11. Ne5 Qc7 12. Rac1 c5 13. cxd5 Nxd5 14. Ndf3 Nxe5 15. Nxe5 Nb4 16. Qb1 Bxg2 17. Kxg2 Qb7+ 18. Kg1 cxd4 1/2-1/2

[Event "Mittelrhein-chT 1112"]
[Site "Germany"]
[Date "2011.11.13"]
[Round "4.4"]
[White "Kinderreich, Toni"]
[Black "Schmitz, Hans Werner"]
[Result "1-0"]
[WhiteElo "2008"]
[BlackElo "2090"]
[PlyCount "67"]
[EventDate "2011.09.11"]
[EventType "team-tourn"]
[EventRounds "13"]
[EventCountry "GER"]
[SourceTitle "EXT 2013"]
[Source "ChessBase"]
[SourceDate "2012.11.22"]
[SourceVersion "1"]
[SourceVersionDate "2012.11.22"]
[SourceQuality "1"]
[WhiteTeam "Wuerselen"]
[BlackTeam "Langenfeld II"]
[WhiteTeamCountry "GER"]
[BlackTeamCountry "GER"]

1. d4 g6 2. Nf3 Bg7 3. Bf4 d6 4. e3 Nc6 5. c3 e5 6. dxe5 dxe5 7. Qxd8+ Kxd8 8. Bg5+ f6 9. Bh4 Be6 10. Na3 Nge7 11. e4 Ke8 12. Bc4 Kf7 13. g4 Rad8 14. Bg3 Nc8 15. Bxe6+ Kxe6 16. Nc4 b5 17. Ne3 Nd6 18. Nd2 Bh6 19. Ke2 f5 20. gxf5+ gxf5 21. exf5+ Nxf5 22. Ne4 Nxe3 23. fxe3 Kd5 24. Nd2 Rhf8 25. Rad1 Ke6 26. Ne4 Rd5 27. Rhf1 Rxd1 28. Rxd1 Kf5 29. Nc5 Rd8 30. e4+ Kg4 31. Nd3 Re8 32. Rf1 Bg5 33. Rf5 h5 34. Nf2# 1-0